| 000 | 00437nam a2200169 a 4500 | ||
|---|---|---|---|
| 005 | 20140310183437.0 | ||
| 008 | 080313s19uu xx 00 eng d | ||
| 020 | _a0440236401 | ||
| 050 |
_aPZ 7 _b.D332 2001 |
||
| 100 | _aDelacroix, Claire | ||
| 245 |
_aThe temptress. _cClaire Delacroix |
||
| 260 |
_aNew York : _bDell Publishing, _c2001. |
||
| 300 |
_a376 p. : _c17 cm. |
||
| 650 | _aFiction. | ||
| 942 |
_cBK _2lcc |
||
| 999 |
_c22953 _d22953 |
||